[Event "Tournoi Skype 026B"]
[Site "Skype"]
[Date "????.??.??"]
[Round "6.4"]
[White "Cayllahua, Braulio Idme"]
[Black "Munoz Gonzalez, Martin"]
[Result "1-0"]
[WhiteElo "1000"]
[BlackElo "1405"]
[PlyCount "83"]

1. e4 c5 2. Bc4 d6 3. c3 g6 4. d4 cxd4 5. cxd4 Bg7 6. Ne2 Nc6 7. a3 Nf6 8. Nbc3
a6 9. O-O O-O 10. f4 b5 11. Ba2 Bb7 12. Ng3 Nd7 13. Be3 Qb6 14. Nge2 Qc7 15. d5
Nd8 16. Rc1 Rc8 17. Nxb5 Qa5 18. Rxc8 Bxc8 19. Nbc3 Nb7 20. Nd4 Nb8 21. Qa4 Qb6
22. Bf2 Qxb2 23. Qb3 Qd2 24. Nde2 Bxc3 25. Nxc3 Nd7 26. g3 Nbc5 27. Qc4 Nd3 28.
Qd4 N7c5 29. Be3 Qb2 30. f5 Ne5 31. f6 exf6 32. Rxf6 Qa1+ 33. Rf1 Nf3+ 34. Kg2
Nxd4 35. Rxa1 Nc2 36. Bh6 Nxa1 37. Bxf8 Kxf8 38. Kf3 Nc2 39. Nb1 Ke7 40. Bc4
Ne1+ 41. Ke3 Ng2+ 42. Kf2 1-0

[Event "Tournoi Skype 026B"]
[Site "Skype"]
[Date "????.??.??"]
[Round "6.5"]
[White "Duthoit, Bernard"]
[Black "Mantelli, Luca"]
[Result "0-1"]
[WhiteElo "1378"]
[BlackElo "1347"]
[PlyCount "48"]

1. e4 e5 2. Nf3 Nc6 3. d4 exd4 4. Nxd4 Nf6 5. Nxc6 bxc6 6. Nd2 Bc5 7. h3 O-O 8.
Bd3 Re8 9. O-O Bb7 10. Re1 d6 11. b3 Nd7 12. Bb2 Ne5 13. Nf3 Nxd3 14. cxd3 d5
15. e5 d4 16. Re4 Bc8 17. Bxd4 Bxd4 18. Nxd4 Bb7 19. Rc1 c5 20. Nf3 Bxe4 21.
dxe4 Qe7 22. Qd5 a5 23. Rxc5 Red8 24. Rxc7 Qxc7 0-1

[Event "Tournoi Skype 026B"]
[Site "Skype"]
[Date "????.??.??"]
[Round "6.6"]
[White "Amato, Ludovica"]
[Black "Aroucha, Abraao"]
[Result "1-0"]
[WhiteElo "1368"]
[BlackElo "1000"]
[PlyCount "44"]

1. e4 c5 2. Nf3 d6 3. d4 cxd4 4. Nxd4 Nf6 5. Nc3 e5 6. Nf3 a6 7. Be2 Be7 8. O-O
O-O 9. Bg5 h6 10. Bxf6 Bxf6 11. Nd5 Nd7 12. Nxf6+ Nxf6 13. Qd3 Bd7 14. Qxd6
Nxe4 15. Qxe5 Re8 16. Qd4 Ng5 17. Nxg5 Qxg5 18. Qxd7 Rad8 19. Qg4 Qe5 20. Bf3
Qc3 21. Qe4 Qc4 22. Be2 Qb3 1-0

[Event "Tournoi Skype 026B"]
[Site "Skype"]
[Date "????.??.??"]
[Round "6.7"]
[White "Perez, Luis Horacio"]
[Black "Felippe E Silva, Glenda"]
[Result "1-0"]
[WhiteElo "1323"]
[BlackElo "1314"]
[PlyCount "51"]

1. Nf3 d5 2. d4 Nf6 3. e3 Bf5 4. h3 h6 5. Nc3 c6 6. Be2 e6 7. a3 Be7 8. O-O O-O
9. Re1 Nbd7 10. Bf1 Re8 11. Nd2 e5 12. dxe5 Nxe5 13. Nf3 Bd6 14. b3 Nxf3+ 15.
Qxf3 Bxc2 16. b4 a6 17. Bb2 Be4 18. Nxe4 dxe4 19. Bxf6 exf3 20. Bxd8 Raxd8 21.
gxf3 Bc7 22. f4 a5 23. b5 c5 24. Rac1 b6 25. a4 Rd4 26. exd4 1-0

[Event "Tournoi Skype 026B"]
[Site "Skype"]
[Date "????.??.??"]
[Round "6.8"]
[White "Rosenkoetter, David"]
[Black "Pourtahmasbi, Ednun"]
[Result "0-1"]
[WhiteElo "1322"]
[BlackElo "1000"]
[PlyCount "66"]

1. e4 e5 2. Nf3 Nc6 3. Bb5 Nf6 4. O-O d6 5. Re1 Bg4 6. c3 Qd7 7. Re3 O-O-O 8.
a4 d5 9. d3 Re8 10. Nbd2 Bc5 11. Bxc6 Qxc6 12. exd5 Nxd5 13. Re2 Nf4 14. Re4 h5
15. Qe1 Nxd3 16. Qf1 Bxf2+ 17. Kh1 Bxf3 18. gxf3 Rd8 19. Qh3+ Rd7 20. Nc4 Bc5
21. Qf5 f6 22. b4 Nf2+ 23. Kg2 Nxe4 24. fxe4 h4 25. Qh3 Qxe4+ 26. Kf1 Qxc4+ 27.
Ke1 Kd8 28. bxc5 Rd3 29. Qg2 Qxc3+ 30. Ke2 Qc2+ 31. Bd2 Rxd2+ 32. Kf1 Rxg2 33.
Rd1+ Rd2 0-1

[Event "Tournoi Skype 026B"]
[Site "Skype"]
[Date "????.??.??"]
[Round "6.9"]
[White "Hernandez Lopez, Joaquin"]
[Black "Bendre, Pankaj"]
[Result "1/2-1/2"]
[WhiteElo "1277"]
[BlackElo "1461"]
[PlyCount "65"]

1. e4 c5 2. Nf3 e6 3. c3 Nc6 4. d4 cxd4 5. cxd4 Qc7 6. a3 Nf6 7. Nc3 a6 8. Be2
b5 9. b4 Bb7 10. Be3 d6 11. Qd2 Be7 12. O-O O-O 13. d5 exd5 14. exd5 Ne5 15.
Nxe5 dxe5 16. Bf3 Bd6 17. Bg5 Nd7 18. Ne4 f5 19. Nxd6 Qxd6 20. Rad1 Nb6 21.
Rfe1 Nc4 22. Qa2 Kh8 23. Be3 Nxe3 24. Rxe3 Rf6 25. Rc1 Rh6 26. g3 Rf8 27. Rec3
e4 28. Rc6 Bxc6 29. Rxc6 Qe5 30. Rxh6 gxh6 31. Bh5 f4 32. Qd2 Qxh5 33. Qd4+
1/2-1/2

[Event "Tournoi Skype 026B"]
[Site "Skype"]
[Date "????.??.??"]
[Round "6.10"]
[White "Rodriguez, Nathalie"]
[Black "Gerbaux, Regis"]
[Result "0-1"]
[WhiteElo "1268"]
[BlackElo "1404"]
[PlyCount "36"]

1. d4 d5 2. Bf4 Bf5 3. e3 e6 4. Nf3 Nd7 5. Be2 Bd6 6. Bg3 Ngf6 7. Nbd2 Ne4 8.
Nxe4 dxe4 9. Ne5 O-O 10. f4 exf3 11. Bxf3 c6 12. c3 Qc7 13. Qb3 Nxe5 14. dxe5
Bxe5 15. Bxe5 Qxe5 16. Qxb7 Qxe3+ 17. Kd1 Rfd8+ 18. Bd5 Rxd5# 0-1

[Event "Tournoi Skype 026B"]
[Site "Skype"]
[Date "????.??.??"]
[Round "6.12"]
[White "Bustos, Ricardo"]
[Black "Sanchez Padilla, Armando Edilber"]
[Result "0-1"]
[WhiteElo "1243"]
[BlackElo "1324"]
[PlyCount "51"]

1. d4 Nf6 2. Bg5 Ne4 3. Bh4 g5 4. Bg3 h5 5. h3 Nc6 6. e3 h4 7. Bf4 Bh6 8. Bh2
d5 9. Nd2 Bf5 10. Ngf3 Nb4 11. a3 Nxc2+ 12. Qxc2 Ng3 13. Qa4+ Bd7 14. Qb3 Nxh1
15. O-O-O Nxf2 16. Re1 Bf5 17. Qa4+ c6 18. Bg1 Nd3+ 19. Bxd3 Bxd3 20. Qb3 Ba6
21. Bh2 e6 22. Be5 f6 23. Bh2 Rc8 24. Kb1 Qa5 25. Bd6 f5 26. Bb4 0-1

[Event "Tournoi Skype 026B"]
[Site "Skype"]
[Date "????.??.??"]
[Round "6.13"]
[White "Conde, Abigail"]
[Black "Malbec, Robert"]
[Result "0-1"]
[WhiteElo "1068"]
[BlackElo "1322"]
[PlyCount "88"]

1. d4 d5 2. Nf3 Nf6 3. e3 c6 4. c4 e6 5. c5 b6 6. b4 bxc5 7. bxc5 g6 8. Nc3 Bg7
9. Bd3 O-O 10. O-O Ba6 11. Ne5 Bxd3 12. Qxd3 Qc7 13. Bd2 Nfd7 14. Ng4 f5 15.
Ne5 Nxe5 16. dxe5 Bxe5 17. Ne2 Bxa1 18. Rxa1 Nd7 19. Bc3 Nf6 20. Nf4 Qe7 21.
Qd4 Qf7 22. Qe5 Rae8 23. Rd1 g5 24. Rd3 gxf4 25. exf4 Kh8 26. h4 Re7 27. Rg3 h6
28. Qxf6+ Qxf6 29. Bxf6+ Rxf6 30. h5 Rg7 31. a4 Rxg3 32. fxg3 Rf8 33. Kh2 Rb8
34. Kh3 Rb4 35. Kh4 Rxa4 36. g4 Rxf4 37. g3 Rc4 38. Kh3 fxg4+ 39. Kg2 Rxc5 40.
Kf2 a5 41. Ke3 a4 42. Kd4 Rc4+ 43. Ke5 a3 44. Kd6 a2 0-1

[Event "Tournoi Skype 026B"]
[Site "Skype"]
[Date "????.??.??"]
[Round "6.14"]
[White "Milanese, Serge"]
[Black "Reese, Evan"]
[Result "1/2-1/2"]
[WhiteElo "1311"]
[BlackElo "1217"]
[PlyCount "65"]

1. d4 d5 2. Bf4 Nf6 3. e3 Nc6 4. Nf3 g6 5. Bd3 Bg7 6. Bb5 O-O 7. Bxc6 bxc6 8.
Qe2 Bg4 9. h3 Bxf3 10. Qxf3 e6 11. Nd2 Qe7 12. Be5 Rab8 13. Rb1 Nh5 14. Bxg7
Nxg7 15. Qf4 c5 16. c3 c4 17. Nf3 f6 18. h4 c5 19. O-O cxd4 20. exd4 Rbe8 21.
Rbe1 Nh5 22. Qh6 e5 23. dxe5 fxe5 24. g4 Rxf3 25. gxh5 Qxh4 26. Re3 Qg4+ 27.
Kh1 Rf5 28. hxg6 Rh5+ 29. Qxh5 Qxh5+ 30. Kg2 Qxg6+ 31. Rg3 Re6 32. Rxg6+ Rxg6+
33. Kf3 1/2-1/2

[Event "Tournoi Skype 026B"]
[Site "Skype"]
[Date "????.??.??"]
[Round "6.16"]
[White "Yilmazer, Seher"]
[Black "Maccaferri, Massimo"]
[Result "1-0"]
[WhiteElo "1295"]
[BlackElo "1160"]
[PlyCount "39"]

1. d4 e5 2. dxe5 Qe7 3. f4 g5 4. Nc3 gxf4 5. Bxf4 Qb4 6. Qc1 Qa5 7. Nf3 Bb4 8.
Bd2 Nc6 9. a3 Bxc3 10. Bxc3 Qd5 11. Qf4 b6 12. Rd1 Qc5 13. Qg4 Nh6 14. Qh3 Qf8
15. e6 Rg8 16. exf7+ Nxf7 17. e4 d5 18. Qh5 dxe4 19. Qd5 Bb7 20. Qd7# 1-0

[Event "Tournoi Skype 026B"]
[Site "Skype"]
[Date "????.??.??"]
[Round "6.17"]
[White "Jimenez Cabrera, Rodolfo"]
[Black "Mhabdi, Mahesh"]
[Result "0-1"]
[WhiteElo "1000"]
[BlackElo "1287"]
[PlyCount "86"]

1. e4 e5 2. Bc4 d6 3. Nf3 Nf6 4. d3 h6 5. Be3 Nc6 6. h3 Be6 7. Nbd2 d5 8. exd5
Nxd5 9. Bxd5 Qxd5 10. Qe2 O-O-O 11. c4 Qxd3 12. Qxd3 Rxd3 13. O-O Be7 14. a3 f5
15. Ne1 Rd7 16. f4 e4 17. b4 a6 18. c5 Rhd8 19. Rd1 Bh4 20. Kh2 Bxe1 21. Rfxe1
Rd3 22. Re2 Rxa3 23. Rb1 Rdd3 24. Nf1 g5 25. fxg5 hxg5 26. Bxg5 Nd4 27. Re3
Rxe3 28. Bxe3 Nc2 29. Bf4 e3 30. Ng3 Bc4 31. Rb2 Nd4 32. Rb1 Ra2 33. Bxe3 Nf3+
34. Kh1 Nh4 35. Rg1 Ra3 36. Bg5 Rb3 37. Bxh4 Rxb4 38. Nxf5 Be6 39. Ng7 Bd5 40.
Rd1 c6 41. Re1 Rxh4 42. Re8+ Kd7 43. Rg8 Bxg8 0-1

[Event "Tournoi Skype 026B"]
[Site "Skype"]
[Date "????.??.??"]
[Round "6.18"]
[White "Farfallini, Michel"]
[Black "Luunge, Abdi"]
[Result "1-0"]
[WhiteElo "1283"]
[BlackElo "1000"]
[PlyCount "45"]

1. e4 e5 2. Nf3 d6 3. Bc4 h6 4. O-O c5 5. Nc3 Nf6 6. d3 Nc6 7. Bb5 Bd7 8. Ne2
Nd4 9. Nexd4 cxd4 10. Bc4 Bc6 11. c3 d5 12. Bb3 Qd6 13. cxd4 exd4 14. e5 Qe6
15. Nxd4 Qg4 16. Nxc6 bxc6 17. exf6 Qg6 18. Re1+ Kd7 19. Ba4 Rb8 20. Qf3 gxf6
21. Qxd5+ Kc7 22. Qxc6+ Kd8 23. Re8# 1-0

[Event "Tournoi Skype 026B"]
[Site "Skype"]
[Date "????.??.??"]
[Round "6.20"]
[White "Cayo, Ana Carolina"]
[Black "Moumtaz, Abderrahim"]
[Result "1-0"]
[WhiteElo "1438"]
[BlackElo "1295"]
[PlyCount "87"]

1. d4 Nf6 2. Nf3 e6 3. Bg5 Be7 4. e3 d5 5. Nbd2 Nbd7 6. Bd3 h6 7. Bf4 O-O 8. c3
c6 9. O-O Nh5 10. Be5 Nxe5 11. dxe5 f6 12. Bg6 c5 13. Bxh5 fxe5 14. Nxe5 Rf5
15. f4 Bf6 16. Bg6 Bxe5 17. Bxf5 exf5 18. fxe5 Be6 19. Rf3 Qd7 20. Rg3 Bf7 21.
Qf3 Qe6 22. Rf1 g6 23. Qxf5 Qxf5 24. Rxf5 Kg7 25. Rf6 Re8 26. Rgf3 Re7 27.
Rxf7+ Rxf7 28. Rxf7+ Kxf7 29. Nf3 Ke6 30. Kf2 Kf5 31. Ke2 g5 32. g4+ Ke6 33.
Kd3 b5 34. b4 cxb4 35. cxb4 a6 36. Kd4 Kd7 37. Kxd5 Ke7 38. Kc5 Ke6 39. Kb6 Kd5
40. Kxa6 Ke4 41. e6 Kxf3 42. e7 Kxe3 43. e8=Q+ Kf4 44. Qh5 1-0

[Event "Tournoi Skype 026B"]
[Site "Skype"]
[Date "????.??.??"]
[Round "6.21"]
[White "Conde, Carmen"]
[Black "Luna Perez Vico, Lorenzo"]
[Result "0-1"]
[WhiteElo "1201"]
[BlackElo "1376"]
[PlyCount "67"]

1. Nf3 Nf6 2. Nc3 Nc6 3. d4 d5 4. Bf4 e6 5. a3 a6 6. h3 Bd6 7. Bg5 h6 8. Bxf6
Qxf6 9. e3 b5 10. Qd3 Bb7 11. e4 dxe4 12. Nxe4 Qe7 13. d5 Ne5 14. Qc3 Nxf3+ 15.
gxf3 exd5 16. Bd3 dxe4 17. Bxe4 Bxe4 18. fxe4 Qxe4+ 19. Kd1 Qxh1+ 20. Qe1+
Qxe1+ 21. Kxe1 O-O 22. b4 Rfe8+ 23. Kf1 Be5 24. Rc1 Bb2 25. Rd1 Rad8 26. Rb1
Bc3 27. Rb3 Re1+ 28. Kg2 Bf6 29. Kg3 Re2 30. Kf3 Rxc2 31. Re3 Rc3 32. Ke4 Rxe3+
33. Kxe3 Bb2 34. f4 0-1

[Event "Tournoi Skype 026B"]
[Site "Skype"]
[Date "????.??.??"]
[Round "6.22"]
[White "Borg, Anthony"]
[Black "Vincent, Andre"]
[Result "0-1"]
[WhiteElo "1304"]
[BlackElo "1358"]
[PlyCount "44"]

1. e4 c5 2. Bc4 d6 3. Nf3 Nf6 4. Nc3 e6 5. O-O Be7 6. h3 Nbd7 7. d4 cxd4 8.
Qxd4 Qb6 9. Qd3 Nc5 10. Qe2 O-O 11. b3 a6 12. e5 Nfd7 13. exd6 Bxd6 14. Ne4
Nxe4 15. Qxe4 Nf6 16. Bg5 Nxe4 17. Be3 Qc7 18. Bd3 Nf6 19. Rad1 e5 20. g3 e4
21. Ng5 exd3 22. Rxd3 Bf5 0-1

[Event "Tournoi Skype 026B"]
[Site "Skype"]
[Date "????.??.??"]
[Round "6.23"]
[White "Torres, Vicky"]
[Black "Battaglia, Gabriele"]
[Result "0-1"]
[WhiteElo "1327"]
[BlackElo "1243"]
[PlyCount "76"]

1. e4 c5 2. Nf3 g6 3. c3 Bg7 4. d4 cxd4 5. Nxd4 Nc6 6. Nxc6 bxc6 7. Bc4 Nf6 8.
Qe2 O-O 9. O-O Qc7 10. e5 Nd5 11. f4 Rb8 12. Bxd5 cxd5 13. Be3 a5 14. Na3 Qc6
15. Bd4 Ba6 16. Qf2 Bxf1 17. Kxf1 e6 18. b3 Rfc8 19. Nc2 a4 20. b4 Qc4+ 21. Kg1
Bf8 22. a3 Qd3 23. Ne3 Qe4 24. Ng4 Qf5 25. Nf6+ Kh8 26. Nxd7 Rb7 27. Nf6 Bg7
28. Qh4 Bxf6 29. exf6 Qc2 30. Qh6 Rg8 31. h4 Qb2 32. Re1 Qxa3 33. Re5 Qc1+ 34.
Kh2 a3 35. h5 a2 36. hxg6 Rxg6 37. Qf8+ Rg8 38. Qxf7 Rxf7 0-1

[Event "Tournoi Skype 026B"]
[Site "Skype"]
[Date "????.??.??"]
[Round "6.24"]
[White "Rivalta, Paolo"]
[Black "Barrionuevo, Hilario"]
[Result "1-0"]
[WhiteElo "1440"]
[BlackElo "1106"]
[PlyCount "49"]

1. e4 e5 2. Nf3 Nc6 3. Nc3 Bc5 4. d3 d6 5. Bg5 f6 6. Bh4 g5 7. Bg3 Nh6 8. h3 g4
9. hxg4 Nxg4 10. Be2 Rg8 11. Rxh7 f5 12. Bh4 Bxf2+ 13. Bxf2 Nxf2 14. Kxf2 fxe4
15. dxe4 Be6 16. Qh1 Qf6 17. Qh2 Bf7 18. b3 Bg6 19. Rh6 Ne7 20. Rh1 Kf7 21.
Bc4+ d5 22. Bxd5+ Nxd5 23. Nxd5 Qd6 24. Ng5+ Kf8 25. Rh8 1-0

[Event "Tournoi Skype 026B"]
[Site "Skype"]
[Date "????.??.??"]
[Round "6.26"]
[White "Codina, Teresa"]
[Black "Dib, Catherine"]
[Result "1-0"]
[WhiteElo "1227"]
[BlackElo "1099"]
[PlyCount "95"]

1. d4 Nc6 2. c4 e5 3. e3 Bb4+ 4. Nc3 Nh6 5. Be2 O-O 6. dxe5 Nxe5 7. Nf3 Nxf3+
8. Bxf3 d6 9. O-O Re8 10. Nd5 Bc5 11. Qc2 Bf5 12. Qb3 Rb8 13. Bd2 c6 14. Nc3 a6
15. a4 Qc7 16. Rfe1 Red8 17. e4 Bg6 18. Bxh6 gxh6 19. Qd1 b5 20. axb5 axb5 21.
cxb5 cxb5 22. Nd5 Qb7 23. Qd2 b4 24. Qxh6 Bd4 25. b3 Bxa1 26. Rxa1 Re8 27. Nf6+
Kh8 28. Nxe8 Rxe8 29. h4 Bxe4 30. Re1 Qc6 31. Qf6+ Kg8 32. Bh5 Qd7 33. f3 Bd5
34. Rxe8+ Qxe8 35. Qg5+ Kf8 36. Qxd5 Qe7 37. Qf5 Ke8 38. Qxh7 Qe1+ 39. Kh2
Qxh4+ 40. Kg1 Qf6 41. Qg8+ Ke7 42. Qb8 Qf5 43. Bg4 Qf4 44. Qb7+ Kf6 45. Qb6 Kg5
46. Qd8+ f6 47. Kf2 Kg6 48. Qg8+ 1-0

[Event "Tournoi Skype 026B"]
[Site "Skype"]
[Date "????.??.??"]
[Round "6.27"]
[White "Abate, Luigi"]
[Black "Vervoort, Jean-Louis"]
[Result "0-1"]
[WhiteElo "1000"]
[BlackElo "1224"]
[PlyCount "46"]

1. e4 e5 2. Nc3 Nc6 3. d3 Bb4 4. Nf3 Nf6 5. Bd2 Bxc3 6. Bxc3 d6 7. d4 exd4 8.
Bxd4 O-O 9. Bc4 Nxe4 10. Bd5 Nf6 11. Bxc6 bxc6 12. Ng5 Bg4 13. Qd3 Qe7+ 14. Kf1
g6 15. Re1 Qd7 16. Bxf6 Bf5 17. Qd4 c5 18. Qf4 Rae8 19. Nxh7 Rxe1+ 20. Kxe1
Re8+ 21. Kd1 Qe6 22. Kd2 Qe2+ 23. Kc1 Qxc2# 0-1

[Event "Tournoi Skype 026B"]
[Site "Skype"]
[Date "????.??.??"]
[Round "6.28"]
[White "Chavez, Isidro"]
[Black "Schnell, Nicolas"]
[Result "1-0"]
[WhiteElo "1217"]
[BlackElo "1006"]
[PlyCount "77"]

1. d4 d5 2. Bf4 Nc6 3. c3 e6 4. Qc2 Qh4 5. g3 Qd8 6. Bg2 Bd6 7. Bd2 b6 8. Nf3
Ba6 9. Qa4 Bc8 10. Qxc6+ Bd7 11. Qb7 Nf6 12. Bg5 Rb8 13. Qa6 b5 14. Qa5 O-O 15.
Bxf6 Qxf6 16. b4 Rb7 17. Nbd2 Qf5 18. Qa6 Bc8 19. Qa3 Qc2 20. Rc1 Qf5 21. O-O
Re8 22. e3 e5 23. Qb2 e4 24. Nh4 Qg5 25. Nb3 Bg4 26. Na5 Rbb8 27. Nc6 Ra8 28.
Qa3 a6 29. Qb3 Re6 30. a4 Rh6 31. axb5 Rxh4 32. gxh4 Qxh4 33. Ne5 Bf3 34. Bxf3
Qg5+ 35. Kh1 exf3 36. Rg1 Qh4 37. Qxd5 Bxe5 38. Qxa8+ Qd8 39. Qxd8# 1-0

[Event "Tournoi Skype 026B"]
[Site "Skype"]
[Date "????.??.??"]
[Round "6.29"]
[White "Mimouni, Driss"]
[Black "Hargez, Dany"]
[Result "0-1"]
[WhiteElo "1052"]
[BlackElo "1217"]
[PlyCount "84"]

1. e4 e5 2. Nc3 Nf6 3. Nf3 Bb4 4. Nxe5 Bxc3 5. dxc3 d5 6. Bb5+ c6 7. Nxc6 bxc6
8. Bxc6+ Nxc6 9. exd5 Nxd5 10. O-O O-O 11. c4 Nf6 12. h3 Bd7 13. Be3 Qc8 14.
Qf3 Ne5 15. Qg3 Ng6 16. b3 Nh5 17. Qg5 Nf6 18. f3 Bxh3 19. gxh3 Qxh3 20. Qg2
Qf5 21. c5 Rae8 22. Bd4 Nf4 23. Qh2 Ne2+ 24. Qxe2 Rxe2 25. Rf2 Rxc2 26. b4 Rxf2
27. Bxf2 Qg5+ 28. Kf1 h5 29. c6 Nd5 30. b5 Ne3+ 31. Ke2 Nc4 32. c7 Re8+ 33. Kd3
Nd6 34. Bxa7 Nc8 35. f4 Qd5+ 36. Bd4 Qe4+ 37. Kc4 Qxf4 38. b6 Nxb6+ 39. Kc3
Qxc7+ 40. Kb2 Re2+ 41. Kb3 Qc4+ 42. Ka3 Qa4# 0-1

[Event "Tournoi Skype 026B"]
[Site "Skype"]
[Date "????.??.??"]
[Round "6.31"]
[White "Cengiz, Ali Ekber"]
[Black "Pasasin, Alejandro"]
[Result "0-1"]
[WhiteElo "1153"]
[BlackElo "1000"]
[PlyCount "104"]

1. e4 c5 2. Nf3 d6 3. Bc4 Nf6 4. d3 e6 5. Bf4 Be7 6. a3 Nbd7 7. Nc3 a6 8. O-O
O-O 9. h3 Qc7 10. Be3 b5 11. Bb3 Bb7 12. Qd2 Nb6 13. Qe2 Rfc8 14. Bf4 c4 15.
dxc4 Nxc4 16. Nd1 Bxe4 17. Nd2 Nxd2 18. Bxd2 Qc6 19. f3 Bf5 20. Ne3 Qb6 21. Kh1
Bg6 22. c3 d5 23. Be1 Bb4 24. cxb4 d4 25. Bc2 dxe3 26. Bxg6 hxg6 27. Bc3 Nd5
28. Rfe1 Nxc3 29. bxc3 Rxc3 30. Rec1 Rac8 31. Qe1 Rc2 32. Rxc2 Rxc2 33. Rc1
Rxc1 34. Qxc1 e2 35. Qe1 Qe3 36. Kh2 f5 37. Kg3 g5 38. h4 gxh4+ 39. Kxh4 g6 40.
Kg3 g5 41. Kh3 Kg7 42. Kh2 Kg6 43. Kg3 f4+ 44. Kg4 e5 45. Qb1+ Kh6 46. Qe1 e4
47. Kf5 Kg7 48. Qa1+ Kg8 49. Kg6 Qb6+ 50. Kxg5 Qd8+ 51. Kxf4 Qh4+ 52. Ke3 e1=Q+
0-1

[Event "Tournoi Skype 026B"]
[Site "Skype"]
[Date "????.??.??"]
[Round "6.32"]
[White "De Fazio, Monica"]
[Black "Roberts, Mario"]
[Result "0-1"]
[WhiteElo "1136"]
[BlackElo "1000"]
[PlyCount "68"]

1. Nf3 g6 2. g3 Bg7 3. Bg2 e5 4. d3 d6 5. O-O Ne7 6. b3 c6 7. Bb2 Nd7 8. Nc3 b6
9. Ne4 Bb7 10. Nxd6+ Kf8 11. Nxb7 Qb8 12. d4 e4 13. Ne5 Qxb7 14. Bxe4 Nxe5 15.
dxe5 Qc7 16. f4 Rd8 17. Qc1 c5 18. c4 Qc8 19. Bc3 Qe6 20. Rd1 Re8 21. Rd6 Qc8
22. Qd2 Rg8 23. Rd1 Bh8 24. b4 cxb4 25. Bxb4 Kg7 26. Qd4 Rgf8 27. Bc3 Kg8 28.
e6 Bxd4+ 29. Bxd4 Rd8 30. exf7+ Kxf7 31. Rf6+ Ke8 32. g4 Rxf6 33. e3 Re6 34. f5
Rxe4 0-1

[Event "Tournoi Skype 026B"]
[Site "Skype"]
[Date "????.??.??"]
[Round "6.33"]
[White "Yanez, Leticia Jorgelina"]
[Black "Swanepoel, Karel"]
[Result "0-1"]
[WhiteElo "1181"]
[BlackElo "1038"]
[PlyCount "88"]

1. e4 c5 2. Nf3 d6 3. d4 cxd4 4. Nxd4 Nf6 5. Nc3 g6 6. Be3 e5 7. Nf3 Bg7 8. Be2
O-O 9. Qd2 a6 10. g3 Ng4 11. Bg5 Qb6 12. Rf1 h6 13. h3 hxg5 14. hxg4 Bxg4 15.
Nd5 Qxb2 16. Rh1 Qxa1+ 17. Qd1 Qxd1+ 18. Bxd1 Nc6 19. c4 b5 20. Bb3 Bxf3 21. a4
Bxh1 22. axb5 axb5 23. cxb5 Bxe4 24. Nb6 Ra1+ 25. Ke2 Nd4+ 26. Ke3 Nxb3 27.
Kxe4 Re1+ 28. Kd5 Rd1+ 29. Ke4 f5+ 30. Kf3 Nd4+ 31. Ke3 Nxb5 32. Ke2 Nc3+ 33.
Ke3 f4+ 34. gxf4 gxf4+ 35. Kf3 Rd3+ 36. Kg4 Rf5 37. Nc4 d5 38. Nd6 Rh5 39. f3
Bf8 40. Nf7 Be7 41. Nh6+ Kg7 42. Nf5+ Rxf5 43. Kh3 Rxf3+ 44. Kg4 Rg3# 0-1

[Event "Tournoi Skype 026B"]
[Site "Skype"]
[Date "????.??.??"]
[Round "6.34"]
[White "Hampton, Irene"]
[Black "Tolaro, Filippa"]
[Result "0-1"]
[WhiteElo "1000"]
[BlackElo "1000"]
[PlyCount "76"]

1. d4 d5 2. Nf3 c6 3. Bf4 Bf5 4. Nbd2 e6 5. h3 Bb4 6. c3 Be7 7. Rc1 Nf6 8. a4
O-O 9. e3 h6 10. Be2 c5 11. dxc5 Bxc5 12. O-O Nc6 13. b4 Bb6 14. Nb3 Ne4 15.
Qe1 Rc8 16. Ra1 a6 17. Bd3 e5 18. a5 Ba7 19. c4 exf4 20. exf4 Bxf2+ 21. Kh1
Bxe1 22. Rfxe1 Ng3+ 23. Kh2 Bxd3 24. Kxg3 dxc4 25. Nc5 Nxb4 26. Nxb7 Qc7 27.
Ra4 Qxb7 28. Nh4 g5 29. Nf5 Bxf5 30. Re5 Qd7 31. Rxb4 f6 32. Re3 Qd6 33. Rb6
gxf4+ 34. Kf2 Qxb6 35. axb6 c3 36. Re6 Bxe6 37. b7 Rc4 38. g4 Bd5 0-1

[Event "Tournoi Skype 026B"]
[Site "Skype"]
[Date "????.??.??"]
[Round "6.35"]
[White "Trapletti, Cosetta"]
[Black "Franco, Yolima"]
[Result "0-1"]
[WhiteElo "1047"]
[BlackElo "1408"]
[PlyCount "60"]

1. d4 d5 2. e3 Nf6 3. Nf3 Bg4 4. Be2 h6 5. Nc3 Nbd7 6. h3 Bh5 7. O-O c5 8. Bd2
Qc7 9. Nb5 Qb6 10. a4 a6 11. Nc3 Bxf3 12. Bxf3 cxd4 13. exd4 Qxd4 14. Qe2 Qh4
15. Nxd5 Rc8 16. Rac1 e6 17. Nxf6+ Nxf6 18. Qe5 Be7 19. Bxb7 Rc5 20. Qb8+ Bd8
21. Bxa6 O-O 22. Rcd1 Bc7 23. Qa7 Rxc2 24. Be3 Ng4 25. Bf4 Bxf4 26. Qd4 Nh2 27.
Qd3 Rxb2 28. Rde1 Ng4 29. f3 Rxg2+ 30. Kxg2 Qg3+ 0-1

[Event "Tournoi Skype 026B"]
[Site "Skype"]
[Date "????.??.??"]
[Round "6.36"]
[White "Gagnon, Sindy"]
[Black "Porcabeuf, Jean-Marc"]
[Result "0-1"]
[WhiteElo "1032"]
[BlackElo "1208"]
[PlyCount "90"]

1. e4 e6 2. Nc3 d5 3. d4 c5 4. Nge2 Nd7 5. Be3 Bd6 6. exd5 exd5 7. Nxd5 Ne7 8.
Nxe7 Bxe7 9. Nc3 O-O 10. Bd3 Qc7 11. g3 c4 12. Bf4 Qb6 13. Bxc4 Qxb2 14. Na4
Qb4+ 15. Bd2 Qxc4 16. Nb2 Qxd4 17. Qe2 Qd5 18. Rg1 Bb4 19. Bxb4 Qd4 20. c3 Qd5
21. Bxf8 Nxf8 22. c4 Qc6 23. Rd1 Bd7 24. f4 Re8 25. Rd2 Rxe2+ 26. Rxe2 Qc5 27.
Rgg2 h6 28. Nd3 Qxc4 29. Rd2 Qe4+ 30. Rge2 Qh1+ 31. Kf2 Qxh2+ 32. Ke3 Qxg3+ 33.
Kd4 Ng6 34. f5 Qg4+ 35. Kc3 Qxf5 36. Nc5 Qxc5+ 37. Kb2 Bf5 38. Kb3 Nf4 39. a4
Nxe2 40. Rxe2 Qb6+ 41. Kc3 Bg4 42. Re4 Bf3 43. Re3 Qxe3+ 44. Kc4 h5 45. Kb4 h4
0-1

[Event "Tournoi Skype 026B"]
[Site "Skype"]
[Date "????.??.??"]
[Round "6.37"]
[White "Ramirez, Luis Antonio"]
[Black "Clayton, Estelita"]
[Result "0-1"]
[WhiteElo "1139"]
[BlackElo "1000"]
[PlyCount "68"]

1. d4 d5 2. Nf3 e6 3. Nc3 c6 4. e4 Be7 5. Be3 Nf6 6. exd5 Nxd5 7. Bg5 Nxc3 8.
bxc3 Bxg5 9. Nxg5 Qxg5 10. Qd2 Qxd2+ 11. Kxd2 O-O 12. Bd3 Nd7 13. g4 Nf6 14. g5
Ng4 15. f3 Nf2 16. Rhg1 Nxd3 17. cxd3 Re8 18. Rae1 f6 19. g6 h6 20. d5 cxd5 21.
d4 Bd7 22. Rb1 b5 23. Rb4 a5 24. Rb2 Rab8 25. a3 e5 26. dxe5 Rxe5 27. f4 Re4
28. Rf1 Bh3 29. Rf3 Bg4 30. Rf2 Bf5 31. a4 b4 32. cxb4 Rd4+ 33. Ke1 Rbxb4 34.
Rbe2 Rb1# 0-1

[Event "Tournoi Skype 026B"]
[Site "Skype"]
[Date "????.??.??"]
[Round "6.38"]
[White "Schuh, David"]
[Black "Alverson, Ginny"]
[Result "1-0"]
[WhiteElo "1000"]
[BlackElo "1083"]
[PlyCount "79"]

1. d4 Nf6 2. e3 d5 3. g3 Bg4 4. Qd2 Ne4 5. Qd3 Nd7 6. Bg2 Ndf6 7. c4 e6 8. f3
Bb4+ 9. Bd2 Bxd2+ 10. Nxd2 Bf5 11. Bh3 Bxh3 12. Nxh3 O-O 13. fxe4 dxe4 14. Nxe4
Ng4 15. O-O-O e5 16. Nhg5 Qe7 17. h3 Nf6 18. Nxf6+ Qxf6 19. h4 Qg6 20. Qxg6
fxg6 21. Rdf1 Rxf1+ 22. Rxf1 h6 23. Ne6 Re8 24. Nxc7 Rc8 25. Nb5 Rxc4+ 26. Kb1
exd4 27. exd4 Rb4 28. Nxa7 Rxd4 29. Re1 Kh7 30. Nc8 Rd8 31. Ne7 Re8 32. b4 b5
33. Kb2 g5 34. hxg5 hxg5 35. Kb3 Rf8 36. a4 Rf3+ 37. Kb2 bxa4 38. Ra1 Rb3+ 39.
Ka2 Rxb4 40. Rh1+ 1-0

[Event "Tournoi Skype 026B"]
[Site "Skype"]
[Date "????.??.??"]
[Round "7.1"]
[White "Galani, Mahendra"]
[Black "Ortiz, Vladimir"]
[Result "1/2-1/2"]
[WhiteElo "1437"]
[BlackElo "1432"]
[PlyCount "29"]

1. e4 e6 2. d4 d5 3. exd5 exd5 4. Nc3 Bb4 5. Nge2 Bg4 6. Qd3 Bxe2 7. Bxe2 Bxc3+
8. Qxc3 c6 9. Qb4 Qe7 10. Qb3 Nf6 11. Bg5 h6 12. Bf4 Na6 13. Qd3 Qe4 14. Qxe4+
Nxe4 15. O-O 1/2-1/2

[Event "Tournoi Skype 026B"]
[Site "Skype"]
[Date "????.??.??"]
[Round "7.3"]
[White "Santos, Joselito"]
[Black "Amato, Ludovica"]
[Result "1-0"]
[WhiteElo "1346"]
[BlackElo "1368"]
[PlyCount "45"]

1. d4 d5 2. Bf4 Nf6 3. e3 c5 4. c3 Qb6 5. Qc2 g6 6. Nf3 Bf5 7. Qc1 Nc6 8. Be2
Bg7 9. O-O O-O 10. Nbd2 Rac8 11. Nh4 Bd7 12. Nb3 c4 13. Nc5 h6 14. Nxd7 Nxd7
15. Bg3 e5 16. Nf3 Rfe8 17. Qd2 Qc7 18. h3 Ne7 19. Rfd1 Qc6 20. dxe5 Nc5 21.
Nd4 Qd7 22. Bg4 f5 23. exf6 1-0